FAO field project report on aquaculture: Additional indexed bibliography, 1966 - 2002
Gespeichert in:
| 1. Verfasser: | |
|---|---|
| Format: | Buch |
| Sprache: | Undetermined |
| Veröffentlicht: |
Rome, Italy
FAO
2002
|
| Schlagworte: | |
| Tags: |
Tag hinzufügen
Keine Tags, Fügen Sie den ersten Tag hinzu!
|
| Thư viện lưu trữ: | Trung tâm Học liệu Trường Đại học Cần Thơ |
|---|
| LEADER | 00486nam a2200169Ia 4500 | ||
|---|---|---|---|
| 001 | CTU_54044 | ||
| 008 | 210402s9999 xx 000 0 und d | ||
| 082 | |a 639 | ||
| 082 | |b R245 | ||
| 100 | |a André G. Coche | ||
| 245 | 0 | |a FAO field project report on aquaculture: Additional indexed bibliography, 1966 - 2002 | |
| 245 | 0 | |c André G. Coche | |
| 260 | |a Rome, Italy | ||
| 260 | |b FAO | ||
| 260 | |c 2002 | ||
| 650 | |a fishery | ||
| 980 | |a Trung tâm Học liệu Trường Đại học Cần Thơ | ||